Engineering Mechanics Statics & Dynamics / (Record no. 33609)
[ view plain ]
| 000 -LEADER | |
|---|---|
| fixed length control field | 00529nam a22001937a 4500 |
| 003 - CONTROL NUMBER IDENTIFIER | |
| control field | NUST |
| 020 ## - INTERNATIONAL STANDARD BOOK NUMBER | |
| International Standard Book Number | 9788131726990 |
| 038 ## - RECORD CONTENT LICENSOR | |
| Staff Name | khadija |
| 082 ## - DEWEY DECIMAL CLASSIFICATION NUMBER | |
| Classification number | 620.104 |
| Author Mark | HIB |
| 100 ## - MAIN ENTRY--PERSONAL NAME | |
| Personal name | Hibbeler, R.C |
| 9 (RLIN) | 88565 |
| 245 ## - TITLE STATEMENT | |
| Title | Engineering Mechanics Statics & Dynamics / |
| Statement of responsibility, etc. | R.C. Hibbeler |
| 250 ## - EDITION STATEMENT | |
| Edition statement | 11th |
| 260 ## - PUBLICATION, DISTRIBUTION, ETC. | |
| Place of publication, distribution, etc. | India |
| Name of publisher, distributor, etc. | Pearson Education Asia |
| Date of publication, distribution, etc. | 2010 |
| 300 ## - PHYSICAL DESCRIPTION | |
| Extent | X, 838P |
| 563 ## - BINDING INFORMATION | |
| Binding note | PB |
| 650 ## - SUBJECT ADDED ENTRY--TOPICAL TERM | |
| Topical term or geographic name entry element | ENGINEERING MECHANICS-STATICS. ENGINEERING MECHANICS- DYNAMICS |
| 9 (RLIN) | 88566 |
| 700 ## - ADDED ENTRY--PERSONAL NAME | |
| Personal name | GUPTA, ASHOK |
| 9 (RLIN) | 88567 |
| 942 ## - ADDED ENTRY ELEMENTS (KOHA) | |
| Koha item type | Book |
| Source of classification or shelving scheme | |
| Withdrawn status | Lost status | Damaged status | Not for loan | Permanent Location | Current Location | Shelving location | Date acquired | Total Checkouts | Full call number | Barcode | Date last seen | Price effective from | Koha item type | Source of classification or shelving scheme | Total Renewals | Checked out | Date last checked out |
|---|---|---|---|---|---|---|---|---|---|---|---|---|---|---|---|---|---|
| School of Mechanical & Manufacturing Engineering (SMME) | School of Mechanical & Manufacturing Engineering (SMME) | General Stacks | 12/17/2015 | 620.1 HIB | SMME-46716 | 12/17/2015 | 12/17/2015 | Book | |||||||||
| School of Mechanical & Manufacturing Engineering (SMME) | School of Mechanical & Manufacturing Engineering (SMME) | General Stacks | 05/09/2016 | 12 | 620.104 HIB | SMME-2900 | 10/29/2025 | 05/09/2016 | Book | 7 | 02/18/2026 | 10/29/2025 |
